| 000 | 00943cam a2200277 4500 | ||
|---|---|---|---|
| 001 | J3673 | ||
| 008 | 090401t1996 xxu||||| |||| 00| 0 eng d | ||
| 035 | _a(Sirsi) u56387 | ||
| 041 | _aeng | ||
| 050 | _a347.4109 | ||
| 100 | _aCato, D. Mark | ||
| 245 | 4 | _aThe Sanctuary House case: an arbitration workbook. Volume 2. | |
| 260 |
_aLondon _bLLP Limited _c1996 |
||
| 300 | _aix,734p. ; 25cm. | ||
| 350 | _a125 | ||
| 520 | _aAn account of an arbitration from appointment to award concerning the conversion of a listed building into a nursing home. FOR VOL. 1 SEE STANDARD NO. 1850448531. | ||
| 650 | _aARBITRATION WORKBOOK | ||
| 650 | _aBLISS FAMILY | ||
| 650 | _aHOCKING FAMILY | ||
| 650 | _aLISTED BUILDINGS | ||
| 650 | _aNURSING HOMES | ||
| 650 | _aSANCTUARY HOUSE CASE | ||
| 690 | _aMANAGEMENT-DISPUTE AVOIDANCE, MANAGEMENT AND RESOLUTION-DISPUTE MANAGEMENT AND RESOLUTION-ARBITRATION | ||
| 942 | _n0 | ||
| 948 | _c04/03/1997 | ||
| 999 |
_c93782 _d93782 |
||